[Event "Tournoi francophone 016 Groupe A"]
[Site "Skype"]
[Date "????.??.??"]
[Round "1.1"]
[White "Leyton Calderon, Jairo Oswaldo"]
[Black "Bourdeau, Yvan"]
[Result "1-0"]
[WhiteElo "1526"]
[BlackElo "1499"]
[PlyCount "61"]

1. Nf3 d5 2. b3 Nf6 3. g3 Bf5 4. Bg2 e6 5. Bb2 Be7 6. d3 c6 7. Nbd2 Nbd7 8. O-O
O-O 9. Re1 a5 10. e4 dxe4 11. dxe4 Bg4 12. a4 Qb6 13. h3 Bxf3 14. Qxf3 Rfd8 15.
Nc4 Qc7 16. Rad1 Nb6 17. Be5 Bd6 18. Bxd6 Rxd6 19. Nxd6 Rd8 20. Nb5 cxb5 21.
Rxd8+ Qxd8 22. Rd1 Qc7 23. Qd3 Kf8 24. Qxb5 Nbd7 25. e5 Nxe5 26. Qxb7 Qxb7 27.
Bxb7 Ned7 28. Bc6 Nc5 29. Rd8+ Ke7 30. Ra8 Kd6 31. Bf3 1-0

[Event "Tournoi francophone 016 Groupe A"]
[Site "Skype"]
[Date "????.??.??"]
[Round "1.2"]
[White "Meyer, Eric"]
[Black "Rapaire, Jean-Michel"]
[Result "1/2-1/2"]
[WhiteElo "1677"]
[BlackElo "1724"]
[PlyCount "48"]

1. d4 d6 2. Nf3 Nf6 3. c4 Nbd7 4. Nc3 e6 5. e4 e5 6. Be2 Be7 7. O-O exd4 8.
Qxd4 O-O 9. h3 Nc5 10. Be3 Re8 11. Rad1 Bd7 12. e5 dxe5 13. Nxe5 Bd6 14. Nxd7
Ncxd7 15. b4 Bxb4 16. Nd5 a5 17. Nxb4 axb4 18. Qb2 Qe7 19. c5 Nxc5 20. Qxb4
Nce4 21. Qxb7 Nxf2 22. Bxf2 Qxe2 23. Qxc7 Qxa2 24. Bd4 Re2 1/2-1/2

[Event "Tournoi francophone 016 Groupe A"]
[Site "Skype"]
[Date "????.??.??"]
[Round "1.3"]
[White "Hurtado De Mendoza, Ramon Miguel"]
[Black "Elias, Roberto"]
[Result "1/2-1/2"]
[WhiteElo "1512"]
[BlackElo "1782"]
[PlyCount "63"]

1. d4 Nf6 2. c4 e6 3. a3 c5 4. e3 Nc6 5. Nc3 cxd4 6. exd4 d5 7. Nf3 Be7 8. cxd5
Nxd5 9. Bd3 Bf6 10. Be4 O-O 11. O-O Qd6 12. Bg5 Bxg5 13. Nxg5 Nf6 14. d5 exd5
15. Bxd5 Nxd5 16. Qxd5 Qxd5 17. Nxd5 h6 18. Ne4 f5 19. Nc5 b6 20. Nd3 Ba6 21.
Rfd1 Rad8 22. N3b4 Nxb4 23. Nxb4 Bb5 24. Nd5 Rd7 25. Nc3 Rfd8 26. Rxd7 Bxd7 27.
Rd1 Kf7 28. f4 Ke8 29. Re1+ Kf7 30. Rd1 Ke8 31. Re1+ Kf7 32. Rd1 1/2-1/2

[Event "Tournoi francophone 016 Groupe A"]
[Site "Skype"]
[Date "????.??.??"]
[Round "1.4"]
[White "Montoya, Alain"]
[Black "Deville, Olivier"]
[Result "0-1"]
[WhiteElo "1660"]
[BlackElo "1764"]
[PlyCount "32"]

1. d4 Nf6 2. Nc3 d5 3. e4 Nxe4 4. Nxe4 dxe4 5. Bc4 e5 6. c3 Bd6 7. dxe5 Bxe5 8.
Bxf7+ Kxf7 9. Qh5+ Ke6 10. f4 Bf6 11. g4 g6 12. f5+ Kf7 13. Qh6 Bh4+ 14. Kf1
Qd1+ 15. Kg2 Qxg4+ 16. Kf1 Qxf5+ 0-1

[Event "Tournoi francophone 016 Groupe A"]
[Site "Skype"]
[Date "????.??.??"]
[Round "1.5"]
[White "Hilton, Stephen"]
[Black "Thevenet, Yann"]
[Result "0-1"]
[WhiteElo "1865"]
[BlackElo "1981"]
[PlyCount "84"]

1. d4 e5 2. dxe5 Nc6 3. Nf3 d6 4. Bg5 f6 5. exf6 Nxf6 6. Nc3 Be7 7. e3 Bg4 8.
Be2 O-O 9. O-O h6 10. Bh4 Qd7 11. Nd4 Ne5 12. f3 Bh5 13. f4 Bxe2 14. Qxe2 Ng6
15. Bg3 c5 16. Nf3 Rfe8 17. Rad1 Qc6 18. Qc4+ Kh8 19. Qd3 Nf8 20. Qc4 Rad8 21.
e4 N8d7 22. Nd5 Nb6 23. Nxb6 axb6 24. Rfe1 Nh5 25. Bf2 Nxf4 26. Qf7 Bf6 27. e5
dxe5 28. Rxd8 Rxd8 29. Be3 Qd5 30. Qxd5 Nxd5 31. Bf2 Re8 32. c3 e4 33. Bg3 Kg8
34. Nd2 e3 35. Nc4 Re6 36. Nd6 h5 37. h3 h4 38. Bh2 Bg5 39. Re2 Bf4 40. Nxb7
Bxh2+ 41. Kxh2 Nf4 42. Re1 e2 0-1

[Event "Tournoi francophone 016 Groupe A"]
[Site "Skype"]
[Date "????.??.??"]
[Round "2.1"]
[White "Bourdeau, Yvan"]
[Black "Thevenet, Yann"]
[Result "1/2-1/2"]
[WhiteElo "1499"]
[BlackElo "1981"]
[PlyCount "103"]

1. d4 e5 2. dxe5 Nc6 3. e4 Nxe5 4. Bf4 Ng6 5. Bg3 h5 6. h3 Bc5 7. Bc4 d6 8. Nf3
Qf6 9. Nc3 N8e7 10. Rb1 h4 11. Bh2 Nf4 12. Bxf4 Qxf4 13. Qd2 Qf6 14. Qg5 Qxg5
15. Nxg5 f6 16. Ne6 Bxe6 17. Bxe6 c6 18. Rd1 Ng6 19. O-O Ke7 20. Bg4 Ne5 21.
Be2 g5 22. Na4 Bb4 23. c3 Ba5 24. b4 Bc7 25. Nb2 a5 26. a4 g4 27. hxg4 Rag8 28.
f3 Bb6+ 29. Kh2 Be3 30. Nd3 Nxd3 31. Rxd3 Bf4+ 32. Kh3 Rg5 33. Rfd1 Ra8 34. Ra1
c5 35. b5 b6 36. c4 Rag8 37. Rd5 Ke6 38. Rad1 Bg3 39. R1d3 Rxd5 40. Rxd5 Rg5
41. Rd1 Ke5 42. Rd5+ Kf4 43. Rd3 Re5 44. Rb3 Re8 45. Rd3 Re6 46. Bf1 Bf2 47.
Rb3 Re8 48. Rd3 Bd4 49. Be2 Bg1 50. Bf1 Bd4 51. Be2 Rg8 52. Bf1 1/2-1/2

[Event "Tournoi francophone 016 Groupe A"]
[Site "Skype"]
[Date "????.??.??"]
[Round "2.2"]
[White "Deville, Olivier"]
[Black "Hilton, Stephen"]
[Result "1/2-1/2"]
[WhiteElo "1764"]
[BlackElo "1865"]
[PlyCount "48"]

1. d4 Nf6 2. c4 g6 3. Nc3 d5 4. cxd5 Nxd5 5. Bd2 Bg7 6. e4 Nxc3 7. Bxc3 O-O 8.
Nf3 b6 9. Be2 Bb7 10. Qc2 Nd7 11. O-O c5 12. d5 Bxc3 13. bxc3 Qc7 14. c4 Rfe8
15. Nd2 e6 16. Bd3 exd5 17. exd5 Ne5 18. Ne4 Qd8 19. Rfe1 f5 20. Nc3 Qg5 21.
Kh1 Ba6 22. Nb5 Bxb5 23. cxb5 f4 24. f3 Rad8 1/2-1/2

[Event "Tournoi francophone 016 Groupe A"]
[Site "Skype"]
[Date "????.??.??"]
[Round "2.3"]
[White "Elias, Roberto"]
[Black "Montoya, Alain"]
[Result "1-0"]
[WhiteElo "1782"]
[BlackElo "1660"]
[PlyCount "87"]

1. c4 d5 2. cxd5 Qxd5 3. Nc3 Qd8 4. d4 f5 5. Nf3 Nf6 6. Bf4 Nd5 7. Bd2 Nc6 8.
Qb3 e6 9. e3 Na5 10. Qa4+ c6 11. Nxd5 Qxd5 12. Qxa5 Qd6 13. Rc1 Bd7 14. Qe5 Qe7
15. Qc7 Rc8 16. Qxb7 Qd6 17. Ne5 Rc7 18. Qa8+ Rc8 19. Qxa7 Rc7 20. Qb8+ Ke7 21.
Nxd7 Qxd7 22. Qb3 Rb7 23. Qc3 c5 24. Qxc5+ Kf6 25. Qe5+ Kg6 26. Bc4 Rb6 27. h4
h5 28. e4 Be7 29. exf5+ exf5 30. Qg3+ Kh7 31. O-O Rf8 32. Bb3 Rg6 33. Rc7 Qd8
34. Qc3 Bd6 35. Rxg7+ Rxg7 36. Bg5 Rxg5 37. hxg5 Qxg5 38. Qc6 Rf6 39. Qd7+ Kh6
40. Qd8 Qf4 41. Qxf6+ Kh7 42. Qf7+ Kh6 43. g3 Qg5 44. Qe6+ 1-0

[Event "Tournoi francophone 016 Groupe A"]
[Site "Skype"]
[Date "????.??.??"]
[Round "2.4"]
[White "Rapaire, Jean-Michel"]
[Black "Hurtado De Mendoza, Ramon Miguel"]
[Result "1-0"]
[WhiteElo "1724"]
[BlackElo "1512"]
[PlyCount "71"]

1. e4 c5 2. Nf3 d6 3. Bb5+ Nd7 4. e5 dxe5 5. Nxe5 a6 6. Bxd7+ Bxd7 7. Nxd7 Qxd7
8. O-O Nf6 9. Re1 e6 10. d3 Be7 11. Nc3 O-O 12. b3 Rfe8 13. Bb2 Rad8 14. Ne4
Nxe4 15. Rxe4 Bf8 16. Qf3 Qc6 17. Qg3 Qd5 18. Rae1 Rd7 19. Rg4 g6 20. Rge4 Bg7
21. Bxg7 Kxg7 22. Qe3 Qd6 23. a4 Rc8 24. g4 Qe7 25. g5 Rd5 26. h4 Rh8 27. Re5
Rd4 28. Re4 Rd5 29. Qf3 h5 30. Rxe6 fxe6 31. Qxd5 Re8 32. Qe5+ Kg8 33. Re4 b6
34. Rf4 Qg7 35. Rf6 Kh7 36. Qd6 1-0

[Event "Tournoi francophone 016 Groupe A"]
[Site "Skype"]
[Date "????.??.??"]
[Round "2.5"]
[White "Leyton Calderon, Jairo Oswaldo"]
[Black "Meyer, Eric"]
[Result "0-1"]
[WhiteElo "1526"]
[BlackElo "1677"]
[PlyCount "57"]

1. Nf3 Nf6 2. g3 g6 3. b3 Bg7 4. Bb2 O-O 5. Bg2 d6 6. O-O e5 7. d3 Re8 8. e4
Nc6 9. Nbd2 Bd7 10. Re1 a6 11. d4 exd4 12. Nxd4 Nxd4 13. Bxd4 Bc6 14. Qf3 Nxe4
15. Bxg7 Nxd2 16. Qf4 Kxg7 17. Bxc6 bxc6 18. Qxd2 Qd7 19. Qd3 Re6 20. Re3 Rxe3
21. Qxe3 Qe6 22. Qd3 f5 23. Rd1 Kf7 24. Qc3 d5 25. Re1 Qd6 26. Qd3 c5 27. f4
Rd8 28. Re5 c4 29. Kg2 0-1

[Event "Tournoi francophone 016 Groupe A"]
[Site "Skype"]
[Date "????.??.??"]
[Round "3.1"]
[White "Meyer, Eric"]
[Black "Bourdeau, Yvan"]
[Result "1-0"]
[WhiteElo "1677"]
[BlackElo "1499"]
[PlyCount "53"]

1. d4 Nf6 2. Bg5 e6 3. e4 Be7 4. e5 Nd5 5. Bxe7 Qxe7 6. a3 c5 7. Nf3 Nc6 8.
dxc5 Qxc5 9. Nbd2 f5 10. exf6 Nxf6 11. Be2 O-O 12. O-O Ng4 13. Ne4 Qe7 14. Nd6
Nge5 15. Nxe5 Nxe5 16. Qd4 Nf7 17. Rad1 Qg5 18. Nxf7 Rxf7 19. Qd6 b6 20. Rd3
Bb7 21. Rg3 Qc5 22. Qd2 Raf8 23. Bd3 Bc6 24. Qh6 g6 25. Bxg6 Qxf2+ 26. Rxf2
Rxf2 27. Qxh7# 1-0

[Event "Tournoi francophone 016 Groupe A"]
[Site "Skype"]
[Date "????.??.??"]
[Round "3.2"]
[White "Hurtado De Mendoza, Ramon Miguel"]
[Black "Leyton Calderon, Jairo Oswaldo"]
[Result "1/2-1/2"]
[WhiteElo "1512"]
[BlackElo "1526"]
[PlyCount "71"]

1. d4 Nf6 2. Nc3 g6 3. e4 d6 4. Bf4 Bg7 5. Qd2 O-O 6. O-O-O c6 7. Bh6 Qa5 8. h4
Na6 9. f3 Be6 10. Kb1 b5 11. Qg5 Bxh6 12. Qxh6 b4 13. d5 cxd5 14. Nxd5 Nxd5 15.
exd5 Bf5 16. Bd3 Qxd5 17. Nh3 f6 18. Nf4 Qc6 19. h5 Bxd3 20. hxg6 Qxc2+ 21. Ka1
Bxg6 22. g4 Kf7 23. Rc1 Qf2 24. Nxg6 hxg6 25. Qh7+ Ke8 26. Rhe1 Rf7 27. Qg8+
Rf8 28. Qxg6+ Kd7 29. Qf5+ Kd8 30. Rxe7 Kxe7 31. Qe4+ Kf7 32. Qh7+ Ke8 33. Qg6+
Kd8 34. Qg7 Ke8 35. Qg6+ Kd8 36. Qg7 1/2-1/2

[Event "Tournoi francophone 016 Groupe A"]
[Site "Skype"]
[Date "????.??.??"]
[Round "3.3"]
[White "Montoya, Alain"]
[Black "Rapaire, Jean-Michel"]
[Result "1-0"]
[WhiteElo "1660"]
[BlackElo "1724"]
[PlyCount "51"]

1. d4 d6 2. e4 e5 3. Bc4 exd4 4. c3 dxc3 5. Qb3 Qe7 6. Nxc3 Nf6 7. Bg5 c6 8.
Qc2 Be6 9. Bd3 Nbd7 10. f4 g6 11. Nf3 Bg4 12. O-O Bxf3 13. Rxf3 Bg7 14. b4 O-O
15. Raf1 Qe8 16. Ne2 Qd8 17. Ng3 Qb6+ 18. Kh1 Rae8 19. a3 h6 20. Bxf6 Nxf6 21.
e5 Ng4 22. Bxg6 Ne3 23. Bh7+ Kh8 24. Rxe3 Qxe3 25. Rf3 Qd2 26. Qxd2 1-0

[Event "Tournoi francophone 016 Groupe A"]
[Site "Skype"]
[Date "????.??.??"]
[Round "3.4"]
[White "Hilton, Stephen"]
[Black "Elias, Roberto"]
[Result "0-1"]
[WhiteElo "1865"]
[BlackElo "1782"]
[PlyCount "74"]

1. d4 Nf6 2. c4 e6 3. Nc3 Bb4 4. e3 c5 5. Nf3 Ne4 6. Qc2 Bxc3+ 7. bxc3 Qa5 8.
Bd2 Nxd2 9. Qxd2 Nc6 10. Be2 O-O 11. O-O d5 12. cxd5 exd5 13. Rab1 c4 14. Rb2
b5 15. Rfb1 a6 16. Bd1 Bf5 17. Bc2 Bg4 18. Ne5 Nxe5 19. dxe5 Rfd8 20. h3 Be6
21. f4 Qc7 22. Qf2 Qe7 23. f5 Bd7 24. Qg3 f6 25. e6 Bc6 26. Bd1 Qa3 27. h4 Qxc3
28. h5 d4 29. Qc7 Qxe3+ 30. Kh1 Rac8 31. Qf7+ Kh8 32. e7 Re8 33. Re2 Qg5 34.
Rf2 Be4 35. Bf3 Qh4+ 36. Kg1 c3 37. Re1 Bxf3 0-1

[Event "Tournoi francophone 016 Groupe A"]
[Site "Skype"]
[Date "????.??.??"]
[Round "3.5"]
[White "Thevenet, Yann"]
[Black "Deville, Olivier"]
[Result "1/2-1/2"]
[WhiteElo "1981"]
[BlackElo "1764"]
[PlyCount "39"]

1. e4 c5 2. b3 Nc6 3. Bb2 d6 4. Bb5 Bd7 5. Nf3 Nf6 6. Nc3 g6 7. Nd5 Bg7 8.
Nxf6+ exf6 9. O-O O-O 10. d4 Re8 11. d5 Ne5 12. Be2 f5 13. Nxe5 Bxe5 14. Bxe5
Rxe5 15. exf5 Bxf5 16. f4 Re3 17. Bg4 Qd7 18. Qd2 Rae8 19. Bxf5 Qxf5 20. Rf2
1/2-1/2

[Event "Tournoi francophone 016 Groupe A"]
[Site "Skype"]
[Date "????.??.??"]
[Round "4.1"]
[White "Bourdeau, Yvan"]
[Black "Deville, Olivier"]
[Result "0-1"]
[WhiteElo "1499"]
[BlackElo "1764"]
[PlyCount "109"]

1. Nf3 Nf6 2. b3 d5 3. Bb2 Bg4 4. e3 Nbd7 5. Be2 e6 6. Ne5 Nxe5 7. Bxe5 Bxe2 8.
Qxe2 c6 9. O-O Bd6 10. f4 Qc7 11. Bb2 O-O 12. d3 e5 13. g3 Qe7 14. Nd2 exf4 15.
gxf4 Rfe8 16. Rae1 Bc5 17. d4 Bb4 18. c3 Bd6 19. Nf3 Bxf4 20. Bc1 Bh6 21. Ne5
Nd7 22. Nxf7 Bg5 23. Qg2 Bf6 24. Nh6+ Kh8 25. Nf5 Qe6 26. e4 dxe4 27. Re3 g6
28. Nh6 Bg7 29. Rh3 Nf6 30. Be3 Nd5 31. Ng4 Nxe3 32. Rxe3 c5 33. dxc5 Rad8 34.
Rfe1 Qd5 35. Rxe4 Qxc5+ 36. Nf2 Rxe4 37. Qxe4 Qxc3 38. Re2 b6 39. Ng4 Qd4+ 40.
Qxd4 Bxd4+ 41. Kg2 h5 42. Nf2 Rf8 43. Nd3 Kg7 44. Nb4 a5 45. Nc6 Bc5 46. Ne7
Bxe7 47. Rxe7+ Rf7 48. Re6 Rf6 49. Re7+ Kf8 50. Re2 Kf7 51. Rc2 Ke6 52. Rd2 Ke5
53. Rc2 Kd4 54. Re2 Kc3 55. Re8 0-1

[Event "Tournoi francophone 016 Groupe A"]
[Site "Skype"]
[Date "????.??.??"]
[Round "4.2"]
[White "Elias, Roberto"]
[Black "Thevenet, Yann"]
[Result "0-1"]
[WhiteElo "1782"]
[BlackElo "1981"]
[PlyCount "82"]

1. e4 e5 2. f4 Bc5 3. Bc4 Bxg1 4. Qh5 Qe7 5. Rxg1 exf4 6. d3 Nf6 7. Qg5 d5 8.
Bxd5 Nxd5 9. Qxd5 Qh4+ 10. Kf1 Nc6 11. Na3 Be6 12. Qc5 Qxh2 13. Qg5 f3 14. Bf4
fxg2+ 15. Kf2 h6 16. Bxh2 hxg5 17. Bxc7 Rc8 18. Bg3 Nb4 19. Rxg2 Nxc2 20. Nxc2
Rxc2+ 21. Kg1 Rc8 22. Bf2 f6 23. Bxa7 Ra8 24. Bc5 Rxa2 25. Rxa2 Bxa2 26. b4 Bb1
27. Rg3 Kf7 28. Kf2 Rh2+ 29. Ke3 g4 30. d4 Rh4 31. e5 f5 32. Kf4 Ke6 33. Kg5
Rh1 34. Rc3 Rh3 35. Rc1 Be4 36. Kg6 g3 37. Kxg7 Bd5 38. Rc3 f4 39. Kg6 f3 40.
Kg5 f2 41. Rc1 g2 0-1

[Event "Tournoi francophone 016 Groupe A"]
[Site "Skype"]
[Date "????.??.??"]
[Round "4.5"]
[White "Meyer, Eric"]
[Black "Hurtado De Mendoza, Ramon Miguel"]
[Result "1/2-1/2"]
[WhiteElo "1677"]
[BlackElo "1512"]
[PlyCount "88"]

1. d4 Nf6 2. Bg5 Ne4 3. Bf4 d5 4. f3 Nf6 5. Nc3 a6 6. e4 e6 7. Bg5 Be7 8. Qd2
c5 9. dxc5 Nc6 10. O-O-O dxe4 11. Qxd8+ Nxd8 12. fxe4 Nc6 13. Nf3 Bxc5 14. h3
Nd7 15. e5 Be7 16. Bf4 O-O 17. Ne4 b5 18. Nd6 Nb6 19. Bd3 Rb8 20. Be4 Nb4 21.
Kb1 N4d5 22. Bg3 Bb7 23. Nxb7 Rxb7 24. Rhe1 Rd7 25. Bf2 Rfd8 26. Rd3 Rc8 27.
Red1 Rdc7 28. c3 h6 29. Bxb6 Nxb6 30. Nd4 g6 31. Nc6 Rxc6 32. Bxc6 Rxc6 33. g3
Nd5 34. Rf1 Rc7 35. Rdf3 Bf8 36. a3 Bg7 37. Re1 Kf8 38. Kc2 Ke8 39. Kd3 Nb6 40.
b3 Nd7 41. Rfe3 Rc5 42. Kc2 Nxe5 43. R1e2 Nd7 44. Re1 Rc7 1/2-1/2

[Event "Tournoi francophone 016 Groupe A"]
[Site "Skype"]
[Date "????.??.??"]
[Round "5.1"]
[White "Hurtado De Mendoza, Ramon Miguel"]
[Black "Bourdeau, Yvan"]
[Result "0-1"]
[WhiteElo "1512"]
[BlackElo "1499"]
[PlyCount "66"]

1. d4 Nf6 2. c4 g6 3. Nc3 Bg7 4. Nf3 d6 5. e4 O-O 6. h3 e5 7. d5 a5 8. Be3 Na6
9. Bd3 Bd7 10. Qd2 b6 11. a3 Nh5 12. Ne2 f5 13. Bh6 Nc5 14. Bxg7 Kxg7 15. Qc2
Ba4 16. Qb1 fxe4 17. Bxe4 Nf4 18. Nxf4 Rxf4 19. Nd2 Qf6 20. O-O Qe7 21. b4 Nxe4
22. Nxe4 Bd7 23. b5 Bf5 24. Re1 Rf8 25. Ra2 Qf7 26. Qc2 Qe7 27. Qd3 Bxe4 28.
Rxe4 Qg5 29. Rxf4 Rxf4 30. g3 Rf3 31. Qd2 Qxd2 32. Rxd2 Rxa3 33. Kf1 Rc3 0-1

[Event "Tournoi francophone 016 Groupe A"]
[Site "Skype"]
[Date "????.??.??"]
[Round "5.2"]
[White "Montoya, Alain"]
[Black "Meyer, Eric"]
[Result "0-1"]
[WhiteElo "1660"]
[BlackElo "1677"]
[PlyCount "54"]

1. d4 Nf6 2. Nc3 d5 3. e4 dxe4 4. f3 e3 5. Bxe3 Bf5 6. g4 Bg6 7. g5 Nd5 8. Nxd5
Qxd5 9. c4 Qa5+ 10. Bd2 Qb6 11. Bc3 Nd7 12. c5 Qe6+ 13. Kf2 Qd5 14. Qd2 h6 15.
Nh3 hxg5 16. Nxg5 O-O-O 17. Bg2 Nxc5 18. f4 Ne4+ 19. Nxe4 Bxe4 20. Bxe4 Qxe4
21. Rae1 Qd5 22. Qe3 e6 23. a3 Be7 24. Rc1 Bf6 25. Rcd1 Rh4 26. Qf3 Qf5 27. h3
Rxf4 0-1

[Event "Tournoi francophone 016 Groupe A"]
[Site "Skype"]
[Date "????.??.??"]
[Round "5.4"]
[White "Thevenet, Yann"]
[Black "Rapaire, Jean-Michel"]
[Result "1/2-1/2"]
[WhiteElo "1981"]
[BlackElo "1724"]
[PlyCount "112"]

1. e4 d6 2. d4 e5 3. Nf3 exd4 4. Nxd4 Nf6 5. Nc3 Be7 6. Be2 Bd7 7. O-O Nc6 8.
Be3 Qc8 9. f4 Bg4 10. Nxc6 bxc6 11. e5 Bxe2 12. Qxe2 Ng4 13. exd6 Nxe3 14. Qxe3
cxd6 15. Rae1 Qc7 16. Rf2 Kf8 17. Rfe2 Re8 18. Kh1 h5 19. f5 Rh6 20. Qf4 Qd7
21. Ne4 Rd8 22. c4 d5 23. Nc3 Bd6 24. Qd4 dxc4 25. Qxc4 Rf6 26. Ne4 Rxf5 27.
Rd2 Qc7 28. Red1 Be7 29. Ng3 Rxd2 30. Rxd2 Re5 31. Rf2 Re1+ 32. Nf1 Bd6 33. g3
c5 34. Qd5 g6 35. Kg2 Be5 36. Rc2 Bd4 37. h4 Qe7 38. Qf3 Qe4 39. Qxe4 Rxe4 40.
Nh2 Re6 41. Nf3 Rb6 42. b3 Ra6 43. Kf1 Ke7 44. Ke2 Re6+ 45. Kf1 Kd6 46. Ng5
Rf6+ 47. Kg2 Kd5 48. Re2 Rf5 49. Nf3 Rf6 50. b4 Kc4 51. bxc5 Bxc5 52. Rc2+ Kd5
53. Rd2+ Kc6 54. Ne5+ Kb5 55. Rb2+ Ka4 56. Nd7 Rf5 1/2-1/2

[Event "Tournoi francophone 016 Groupe A"]
[Site "Skype"]
[Date "????.??.??"]
[Round "5.5"]
[White "Deville, Olivier"]
[Black "Elias, Roberto"]
[Result "1/2-1/2"]
[WhiteElo "1764"]
[BlackElo "1782"]
[PlyCount "59"]

1. d4 Nf6 2. c4 e6 3. Nf3 d5 4. g3 Bb4+ 5. Bd2 Bxd2+ 6. Nbxd2 O-O 7. Bg2 Nbd7
8. O-O c6 9. Qc2 Re8 10. e4 e5 11. exd5 cxd5 12. cxd5 exd4 13. Nxd4 Nb6 14.
Rfe1 Nfxd5 15. Qc5 Nf6 16. N2b3 Rb8 17. Qa5 Bd7 18. Qxa7 Rxe1+ 19. Rxe1 Ra8 20.
Qxb7 Rxa2 21. Nc5 Rxb2 22. Nxd7 Qxd7 23. Qb8+ Qc8 24. Qxc8+ Nxc8 25. Rc1 Nd6
26. Nf5 Nde8 27. Rc8 g6 28. Nd6 Kf8 29. Nxe8 Nxe8 30. Bc6 1/2-1/2

[Event "Tournoi francophone 016 Groupe A"]
[Site "Skype"]
[Date "????.??.??"]
[Round "6.1"]
[White "Bourdeau, Yvan"]
[Black "Elias, Roberto"]
[Result "0-1"]
[WhiteElo "1499"]
[BlackElo "1782"]
[PlyCount "94"]

1. d4 Nf6 2. Nf3 e6 3. Bf4 c5 4. c3 Nc6 5. e3 Nh5 6. Bg3 Nxg3 7. hxg3 d5 8.
Nbd2 a6 9. Bd3 cxd4 10. exd4 h6 11. a4 Be7 12. O-O O-O 13. Qe2 Bd7 14. Ne5 Nxe5
15. Qxe5 Bf6 16. Qe2 Qb6 17. Rfb1 Rac8 18. Nf3 Qd6 19. Re1 Rc6 20. Ne5 Bxe5 21.
Qxe5 Qxe5 22. Rxe5 Rb6 23. Re2 Re8 24. a5 Rb3 25. Ra3 Rxa3 26. bxa3 Rc8 27. Rb2
Rxc3 28. Rxb7 Rxd3 29. Rxd7 Rxa3 30. Rd8+ Kh7 31. Rd7 Kg6 32. Ra7 Ra1+ 33. Kh2
Rxa5 34. f4 Ra4 35. Kg1 f5 36. Kf2 Rxd4 37. Rxa6 Re4 38. Kf3 Kf6 39. Ra8 g5 40.
Rf8+ Kg7 41. Rd8 Kg6 42. Rg8+ Kh5 43. fxg5 hxg5 44. Rh8+ Kg6 45. Rg8+ Kf6 46.
Rf8+ Ke5 47. g4 Rxg4 0-1

[Event "Tournoi francophone 016 Groupe A"]
[Site "Skype"]
[Date "????.??.??"]
[Round "6.2"]
[White "Rapaire, Jean-Michel"]
[Black "Deville, Olivier"]
[Result "1-0"]
[WhiteElo "1724"]
[BlackElo "1764"]
[PlyCount "51"]

1. e4 c5 2. Nf3 d6 3. Bb5+ Nd7 4. e5 dxe5 5. Nxe5 Ngf6 6. O-O a6 7. Nxd7 Nxd7
8. Be2 e6 9. d4 Be7 10. Be3 O-O 11. c3 Qc7 12. Bf3 Rd8 13. Qb3 Rb8 14. g3 b6
15. Bf4 Bd6 16. Bxd6 Qxd6 17. Rd1 Bb7 18. dxc5 Qxc5 19. Bxb7 Rxb7 20. Na3 Qc7
21. Qc4 b5 22. Qxc7 Rxc7 23. Rd6 Ra7 24. Rad1 Kf8 25. Nc2 Ke7 26. Nb4 1-0

[Event "Tournoi francophone 016 Groupe A"]
[Site "Skype"]
[Date "????.??.??"]
[Round "6.3"]
[White "Leyton Calderon, Jairo Oswaldo"]
[Black "Thevenet, Yann"]
[Result "0-1"]
[WhiteElo "1526"]
[BlackElo "1981"]
[PlyCount "42"]

1. Nf3 Nc6 2. b3 e5 3. d3 d5 4. Bb2 Bd6 5. g3 h5 6. h4 Nf6 7. Bg2 e4 8. dxe4
dxe4 9. Ng5 e3 10. f4 Bf5 11. O-O Nb4 12. Na3 O-O 13. Bxb7 Rb8 14. Bg2 Qe7 15.
c3 Nd3 16. exd3 e2 17. Qd2 exf1=Q+ 18. Rxf1 Bxa3 19. Re1 Qd6 20. d4 Bxb2 21.
Qxb2 Rbe8 0-1

[Event "Tournoi francophone 016 Groupe A"]
[Site "Skype"]
[Date "????.??.??"]
[Round "6.5"]
[White "Hurtado De Mendoza, Ramon Miguel"]
[Black "Montoya, Alain"]
[Result "1-0"]
[WhiteElo "1512"]
[BlackElo "1660"]
[PlyCount "75"]

1. d4 d5 2. c4 e6 3. Nc3 Nf6 4. Nf3 c6 5. e3 Nbd7 6. Be2 dxc4 7. Bxc4 b5 8. Be2
a6 9. O-O Bb7 10. a3 c5 11. h3 Qb6 12. dxc5 Bxc5 13. b4 Be7 14. Bb2 O-O 15. Qb3
Rfd8 16. Rfd1 Nf8 17. Rac1 Rxd1+ 18. Rxd1 Rd8 19. Rc1 Ng6 20. Nb1 Bd5 21. Qc2
Be4 22. Qc3 Bf8 23. Nbd2 Bb7 24. Qc7 Nd5 25. Qxb6 Nxb6 26. Rc7 Bc8 27. Ne4 Rd7
28. Rc1 Bb7 29. Nc5 Rc7 30. Nxb7 Rxb7 31. Rc6 Ne7 32. Rc2 Nbd5 33. Bd4 Rc7 34.
Bc5 Nc8 35. Nd4 Bd6 36. Bf3 Ncb6 37. Bxd5 Nxd5 38. Rd2 1-0

[Event "Tournoi francophone 016 Groupe A"]
[Site "Skype"]
[Date "????.??.??"]
[Round "7.1"]
[White "Montoya, Alain"]
[Black "Bourdeau, Yvan"]
[Result "1/2-1/2"]
[WhiteElo "1660"]
[BlackElo "1499"]
[PlyCount "60"]

1. d4 g6 2. e4 d6 3. f4 Bg7 4. c4 Nf6 5. Nc3 O-O 6. e5 dxe5 7. fxe5 Ng4 8. Be2
Nh6 9. Nf3 Nc6 10. Bxh6 Bxh6 11. d5 Nb8 12. Qd4 Bg7 13. O-O-O Nd7 14. Qf4 f6
15. e6 Ne5 16. g4 Qd6 17. Kb1 Nxf3 18. Qxd6 cxd6 19. Bxf3 b6 20. h4 Bb7 21. h5
f5 22. hxg6 hxg6 23. gxf5 Rxf5 24. Be4 Rg5 25. Rdg1 Rxg1+ 26. Rxg1 Rf8 27. Bxg6
Bxc3 28. Bf7+ Kh8 29. bxc3 Ba6 30. Kb2 Rc8 1/2-1/2

[Event "Tournoi francophone 016 Groupe A"]
[Site "Skype"]
[Date "????.??.??"]
[Round "7.3"]
[White "Thevenet, Yann"]
[Black "Meyer, Eric"]
[Result "1/2-1/2"]
[WhiteElo "1981"]
[BlackElo "1677"]
[PlyCount "82"]

1. e4 c5 2. b3 Nc6 3. Bb2 Nf6 4. Nc3 d6 5. f4 g6 6. Nf3 Bg7 7. Qe2 O-O 8. O-O-O
Bg4 9. h3 Nd4 10. Qf2 Bxf3 11. gxf3 e6 12. Ne2 Nxe2+ 13. Bxe2 Nh5 14. d4 Nxf4
15. Bf1 Qg5 16. Kb1 Rfd8 17. c3 Qe7 18. Bc1 Nh5 19. f4 cxd4 20. cxd4 Rdc8 21.
e5 Qc7 22. Bg2 Bf8 23. h4 d5 24. f5 exf5 25. Bxd5 Qd7 26. Bf3 f4 27. Rhe1 Bb4
28. Re4 Qf5 29. Ka1 Ng3 30. Qg2 Nxe4 31. Bxe4 f3 32. Qxf3 Qxf3 33. Bxf3 Rab8
34. h5 Rc3 35. Be4 a5 36. Bf4 Rd8 37. hxg6 hxg6 38. Bg5 Rd7 39. Rh1 Ba3 40. Kb1
Rxd4 41. Bc2 Rc6 1/2-1/2

[Event "Tournoi francophone 016 Groupe A"]
[Site "Skype"]
[Date "????.??.??"]
[Round "7.4"]
[White "Deville, Olivier"]
[Black "Leyton Calderon, Jairo Oswaldo"]
[Result "1-0"]
[WhiteElo "1764"]
[BlackElo "1526"]
[PlyCount "33"]

1. d4 Nf6 2. c4 g6 3. Nc3 Bg7 4. e4 d6 5. Nf3 O-O 6. Be2 e5 7. Be3 Nc6 8. d5
Ne7 9. c5 Nd7 10. cxd6 cxd6 11. Nd2 f5 12. f3 f4 13. Bf2 g5 14. Nc4 Nf6 15. Nb5
Ne8 16. Nxa7 Bd7 17. Nb6 1-0

[Event "Tournoi francophone 016 Groupe A"]
[Site "Skype"]
[Date "????.??.??"]
[Round "7.5"]
[White "Elias, Roberto"]
[Black "Rapaire, Jean-Michel"]
[Result "1/2-1/2"]
[WhiteElo "1782"]
[BlackElo "1724"]
[PlyCount "74"]

1. e4 d6 2. d4 e5 3. dxe5 dxe5 4. Qxd8+ Kxd8 5. Nf3 f6 6. Bc4 c6 7. O-O Kc7 8.
Be3 Nd7 9. a4 Bc5 10. Re1 Bxe3 11. Rxe3 Nb6 12. Bb3 a5 13. Nbd2 Ne7 14. Nc4
Nxc4 15. Bxc4 Rd8 16. c3 Bg4 17. h3 Bxf3 18. Rxf3 Rd2 19. Rg3 g5 20. Rf3 Rf8
21. Rb1 Rd6 22. b4 b6 23. Kf1 Ra8 24. Bb3 Ng6 25. g3 Nf8 26. Ke2 Rad8 27. bxa5
bxa5 28. Rd1 Rxd1 29. Bxd1 Rd6 30. Bb3 Nd7 31. h4 h6 32. g4 Nc5 33. Bc2 Kd7 34.
hxg5 hxg5 35. Rh3 Kc7 36. Rh8 Rd8 37. Rh7+ Rd7 1/2-1/2